000 00717nam a22002177a 4500
003 OSt
005 20251028044454.0
008 251028b |||||||| |||| 00| 0 eng d
020 _a978-0-470-44631-7
040 _aDWC-Main Lib.
_cOC
082 _aCirc. 674.812 H838o 2010
100 _aHOUGH, JILL SILVERMAN
245 _a100 perfect pairings :
_bsmall plates to enjoy with wines you love/
_cJILL SILVERMAN HOUGH
260 _aHoboken, New Jersey :
_bJohn Wiley & Sons,
_cc2010.
300 _a188pages :
_bcolor illustrations ;
_c22 cm.
504 _aIndex: pp. 186-188
650 _a1. Appetizers.
650 _a2. Cookery.
650 _a3. Wine and wine making.
942 _2ddc
_cBK-CIRC
_hCirc.
_n0
999 _c5224
_d5224